Immagini satellitari - Quiz n°4 - Statistics

Statistiche generali
  • Questo quiz è stato fatto 1.629 volte
  • Il punteggio medio è 9 su 17
Statistiche sulle risposte
con Immagini Hint Risposta % Corretto
stato degli USA Alaska
94%
isola Irlanda
92%
isola Corsica
91%
regione Scandinavia
87%
città Dubai
84%
tratto di mare Canale della Manica
71%
"nazione" Galles
46%
penisola Crimea
45%
arcipelago Isole Canarie
42%
lago Lago Michigan
42%
penisola Yucatán
41%
lago Lago Vittoria
34%
isola Hispaniola
32%
penisola Kamčatka
32%
isola Hokkaido
31%
arcipelago Isole Falkland
29%
lago Grande Lago degli Orsi
9%
Nessun quiz corrispondente trovato
Distribuzione punteggi
Percentuale di utenti per punteggio
Percentile per numero di risposta
I tuoi punteggi nel tempo
Non hai fatto questo quiz